000 00494nam a2200193 a 4500
001 1772446937796
003 YourLibrary
005 20260302155320.0
008 260302s2009##################000#0#eng##
020 _a9781405171267
082 0 4 _a323.1196
_bLAW
100 1 _aLawson, Steven F.,
_eauthor.
245 1 0 _aRunning for Freedom :
260 _bJohn Wiley & Sons,
_c2009.
300 _a129 pages
650 0 _aHistory.
942 _cENGLISH
040 _aYourLibrary
_beng
_cYourLibrary
999 _c616461
_d616461